Royal Rumble masculin 2024 - Statistiques

Statistiques générales
  • Ce quiz a été pris 161 fois
  • Le résultat moyen est 17 sur 30
Statistiques - réponses
Numéro d'entrée Entrant % Correct
15 Cody Rhodes
96%
1 Jey Uso
86%
2 Jimmy Uso
84%
27 CM Punk
81%
18 Gunther
80%
29 Drew McIntyre
78%
9 Dominik Mysterio
76%
26 Damian Priest
74%
14 Finn Balor
74%
30 Sami Zayn
72%
4 Andrade
61%
17 Kofi Kingston
58%
20 Bron Breakker
55%
21 Omos
55%
25 The Miz
54%
28 Ricochet
52%
24 R-Truth
50%
11 Bobby Lashley
49%
7 Santos Escobar
48%
5 Carmelo Hayes
47%
6 Shinsuke Nakamura
46%
13 Austin Theory
45%
10 Carlito
40%
3 Grayson Waller
40%
12 Ludwig Kaiser
40%
8 Karrion Kross
38%
16 Bronson Reed
36%
23 JD McDonagh
33%
22 Pat McAfee
29%
19 Ivar
24%
Aucun quiz correspondant
Distribution des résultats
% des personnes avec chaque résultat
Percentile par nombre de réponses
Votre historique - résultats
Vous n’avez pas pris ce quiz